000
00307nam a2200121Ia 4500
005
20251222142004.0
008
251222s9999||||xx |||||||||||||| ||spa||
082
_a
330.985/B61
100
_a
Blacker Miller, Manuel Augusto
245
0
_a
EconomÃas Artificiales:
264
_b
Jaime Cmpodonico
942
_c
LIB
999
_c
10110
_d
10110